[Event "Martin Christoffel mem Blue corr"]
[Site "Switzerland"]
[Date "2002.06.01"]
[Round "?"]
[White "Sarink, Hendrik Bartus"]
[Black "Moeschinger, Markus"]
[Result "1/2-1/2"]
[WhiteElo "2267"]
[BlackElo "2483"]
[PlyCount "87"]
[EventDate "2002.06.01"]
[EventType "tourn (corr)"]
[EventRounds "8"]
[EventCountry "SUI"]
[EventCategory "11"]
[SourceTitle "Corr 2006"]
[Source "ChessBase"]
[SourceDate "2006.04.01"]
[SourceVersion "3"]
[SourceVersionDate "2006.04.01"]
[SourceQuality "1"]

1. e4 c5 2. Nf3 d6 3. Bb5+ Bd7 4. Bxd7+ Qxd7 5. 0-0 Nc6 6. c3 Nf6 7. d4 Nxe4 8. d5 Ne5 9. Nxe5 dxe5 10. Re1 Nd6 11. Rxe5 g6 12. Re2 Bg7 13. Be3 b6 14. Na3 0-0 15. Qd3 Nf5 16. Rd1 Rad8 17. Red2 Rfe8 18. Bf4 Bf6 19. Qe2 Nd6 20. Nc4 Qf5 21. g3 Nxc4 22. Qxc4 Rd7 23. Kg2 Red8 24. f3 Be5 25. Bxe5 Qxe5 26. Qe4 Qc7 27. c4 Rd6 28. Qf4 Qb7 29. b3 b5 30. h4 bxc4 31. bxc4 e6 32. dxe6 Rxd2+ 33. Rxd2 Rxd2+ 34. Qxd2 fxe6 35. Qd6 Qb6 36. Qxb6 axb6 37. Kf2 Kf7 38. Ke3 e5 39. Ke4 Ke6 40. g4 Kd6 41. h5 Ke6 42. f4 exf4 43. Kxf4 Kf6 44. g5+ 1/2-1/2

[Event "Martin Christoffel mem Blue corr"]
[Site "Switzerland"]
[Date "2002.06.01"]
[Round "?"]
[White "Weber, Jean Marie"]
[Black "Moeschinger, Markus"]
[Result "1-0"]
[WhiteElo "2573"]
[BlackElo "2483"]
[PlyCount "81"]
[EventDate "2002.06.01"]
[EventType "tourn (corr)"]
[EventRounds "8"]
[EventCountry "SUI"]
[EventCategory "11"]
[SourceTitle "Corr 2006"]
[Source "ChessBase"]
[SourceDate "2006.04.01"]
[SourceVersion "3"]
[SourceVersionDate "2006.04.01"]
[SourceQuality "1"]

1. d4 Nf6 2. c4 e6 3. Nc3 Bb4 4. Qc2 0-0 5. a3 Bxc3+ 6. Qxc3 b6 7. Bg5 Bb7 8. f3 h6 9. Bh4 d5 10. e3 Nbd7 11. cxd5 Nxd5 12. Bxd8 Nxc3 13. Bh4 Nd5 14. Bf2 c5 15. Bb5 Rfd8 16. e4 N5f6 17. Ne2 a6 18. Bd3 Rac8 19. Rc1 cxd4 20. Rxc8 Rxc8 21. Bxd4 e5 22. Be3 Rd8 23. Kf2 Nc5 24. Bc2 Rc8 25. b4 Ncd7 26. Bb3 Kf8 27. g4 Ke7 28. Ng3 Rc3 29. Rb1 Ne8 30. Nf5+ Kf8 31. Rb2 b5 32. Ke2 Ba8 33. h4 Bb7 34. h5 Rc7 35. Rd2 Bc8 36. Rd3 Rc6 37. Ke1 Rc7 38. Kd2 Bb7 39. g5 hxg5 40. Bxg5 Ndf6 41. Rd8 1-0

[Event "Zuerich op-A 23th"]
[Site "Zuerich"]
[Date "1999.12.28"]
[Round "4"]
[White "Cebalo, Miso"]
[Black "Moeschinger, Markus"]
[Result "1-0"]
[WhiteElo "2453"]
[BlackElo "2199"]
[PlyCount "55"]
[EventDate "1999.12.26"]
[EventType "swiss"]
[EventRounds "7"]
[EventCountry "SUI"]
[SourceTitle "CBM 073 Extra"]
[Source "ChessBase"]
[SourceDate "2000.01.11"]
[SourceVersion "1"]
[SourceVersionDate "2000.01.11"]
[SourceQuality "1"]

1. d4 Nf6 2. c4 e6 3. Nf3 b6 4. a3 Bb7 5. Nc3 d5 6. cxd5 exd5 7. g3 Be7 8. Bg2 0-0 9. 0-0 Re8 10. Bf4 c6 11. Qc2 Nbd7 12. Rad1 Nh5 13. Bc1 Bd6 14. e4 dxe4 15. Nxe4 Bf8 16. Ne5 Nxe5 17. dxe5 Qc7 18. f4 f5 19. Ng5 g6 20. b4 h6 21. Qc4+ Kh8 22. Nf7+ Kh7 23. Nd6 Bxd6 24. exd6 Qd7 25. Bb2 Re6 26. Rfe1 Rae8 27. Rxe6 Rxe6 28. Qxe6 1-0

[Event "Schwarzach op-A"]
[Site "Schwarzach"]
[Date "1997.08.27"]
[Round "5.19"]
[White "Benend, Andreas"]
[Black "Moeschinger, Markus"]
[Result "1/2-1/2"]
[WhiteElo "2042"]
[BlackElo "2255"]
[PlyCount "29"]
[EventDate "1997.08.23"]
[EventType "swiss"]
[EventRounds "9"]
[EventCountry "AUT"]
[SourceTitle "EXT 1999"]
[Source "ChessBase"]
[SourceDate "1998.11.16"]
[SourceVersion "1"]
[SourceVersionDate "1998.11.16"]
[SourceQuality "1"]

1. e4 e5 2. f4 exf4 3. Nc3 c6 4. Nf3 d5 5. exd5 Nf6 6. d4 Bd6 7. Qe2+ Qe7 8. Qxe7+ Kxe7 9. Ne5 Nxd5 10. Nxd5+ cxd5 11. Bxf4 Bf5 12. 0-0-0 Nc6 13. Bb5 f6 14. Bxc6 Bxe5 15. dxe5 1/2-1/2